Statystyki dla Polskie bitwy po dacie

Kliknij tutaj aby rozwiązać quiz!

Ogólne statystyki

  • Ten quiz został rozwiązany 226 razy
  • Średni wynik to 8 z 15

Statystyki odpowiedzi

DataMiejsce Bitwy% Poprawnych
15 lipca 1410Grunwald
99%
12 września 1683Wiedeń
87%
24 czerwca 972Cedynia
83%
27 września 1605Kircholm
73%
11 listopada 1673Chocim
67%
10 listopada 1444Warna
63%
4 kwietnia 1794Racławice
58%
28 listopada 1627Oliwa
57%
4 lipca 1610Kłuszyn
52%
9 kwietnia 1241Legnica
48%
27 września 1331Płowce
41%
17 wrz 1620 – 7 paź 1620Cecora
36%
28 cze 1651 – 30 cze 1651Beresteczko
27%
18 września 1454Chojnice
20%
10 października 1410Koronowo
15%

Rozkład punktacji

Percentyl według liczby udzielonych odpowiedzi

Procent ludzi z każdym wynikiem

Twoja historia wyników

Nie rozwiązałeś tego quizu